000 00640nam a2200265Ia 4500
003 OSt
005 20221007111357.0
006 a|||||r|||| 00| 0
007 ta
008 221006b |||||||| |||| 00| 0 eng d
020 _a0406659522
024 _a23,392
037 _cTextual
040 _aLCO
_cLCO
_beng
041 _2eng
_aeng
082 _aZ1, L2
100 _aStarke J.G.
245 0 _aInternational Laws
250 _a7th
260 _aLondon
_bButterworth & Co. India
_c1972
300 _a631+46
650 _aINTERNATIONAL LAW
942 _hZ1, L2
_cTEXL
999 _c1192955
_d1192955